| 000 | 01366nam2a22002771 4500 | ||
|---|---|---|---|
| 001 | v19\rc\1959739 | ||
| 005 | 20251118181002.6 | ||
| 035 | _a(NLR Aleph) 005043597 | ||
| 090 |
_a6819744 _c6819744 |
||
| 100 | _a20080428d1894 u y0rusy50 ca | ||
| 101 | 0 | _arus | |
| 102 | _aRU | ||
| 105 | _ay z ||||| | ||
| 200 | 0 | _aс 15 марта 1893 г. по 1-е января 1894 г. | |
| 210 | _d1894 | ||
| 215 | _a[2], 48 с. | ||
| 461 | 0 |
_1001v19\rc\1959738 _12001#$aОтчет о состоянии сельскохозяйственной фермы Симбирской чувашской учительской школы...$vс 15 марта 1893 г. по 1-е января 1894 г. _96819739 _aСимбирская чувашская учительская школа _cСимбирск _d[1894]-[1914] _tОтчет о состоянии сельскохозяйственной фермы Симбирской чувашской учительской школы... _vс 15 марта 1893 г. по 1-е января 1894 г. |
|
| 801 | 0 |
_aRU _bNLR _gpsbo |
|
| 801 | 0 |
_aRU _bRuMoRGB _2psbo |
|
| 801 | 1 |
_aRU _bProSoft-M _2rusmarc |
|
| 852 |
_aNLR _bЗем _j37/О17 |
||
| 899 |
_aRuMoRGB _jP 78/1110 _y(1893-1912*, без ведомостей) |
||
| 899 | _aБАН | ||
| 899 |
_aRuMoRGB _jФ 1-68/13635 _y(1893-1912*, без ведомостей) |
||
| 942 | _cBOOK | ||
| 980 | _aNB | ||